Normal view MARC view
  • TCC-15A

Entry Geographic Name

Number of records used in: 10

001 - CONTROL NUMBER

  • control field: 131903

003 - CONTROL NUMBER IDENTIFIER

  • control field: NUST

005 - DATE AND TIME OF LATEST TRANSACTION

  • control field: 20251113182635.0

008 - FIXED-LENGTH DATA ELEMENTS

  • fixed length control field: 251113|| aca||aabn | a|a d

040 ## - CATALOGING SOURCE

  • Original cataloging agency: NUST
  • Transcribing agency: NUST

151 ## - HEADING--GEOGRAPHIC NAME

  • Geographic name: TCC-15A

670 ## - SOURCE DATA FOUND

  • Source citation: Work cat.: (NUST)183639: Bakhtiar, NC Amber (TCC-15A) 131902, Blind equalization for single carrier linear constellations using modified constant modulus algorithm /, 2007
© 2023 Central Library, National University of Sciences and Technology. All Rights Reserved.